000 01204cam a2200301 a 4500
001 12038150
003 ARRUPE
005 20130917163033.0
008 000612s2001 ctu b 001 0 eng
010 _a 00044917
020 _a0300084285 (cloth : alk. paper)
020 _a0300084293 (paper : alk. paper)
040 _aDLC
_cDLC
_dDLC
041 1 _aeng
_hlat
050 0 0 _aHX810.5
_b.E54 2001
082 0 0 _a335/.02
_221
100 1 _aMore, Thomas,
_cSaint,
_d1478-1535.
_9376
240 1 0 _aUtopia.
_lEnglish
245 1 0 _aUtopia /
_cThomas More ; translated and with an introduction by Clarence Miller.
260 _aNew Haven, CT :
_bYale University Press,
_cc2001.
300 _axxviii, 173 p. ;
_c21 cm.
504 _aIncludes bibliographical references (p. 163-165) and index.
650 0 _aUtopias
_vEarly works to 1800.
_9377
700 1 _aMiller, Clarence H.
_9378
906 _a7
_bcbc
_corignew
_d1
_eocip
_f20
_gy-gencatlg
942 _2lcc
_cMONOGRAPH
999 _c117836
_d117836